| 000 | 00744nam a2200217Ia 4500 | ||
|---|---|---|---|
| 999 |
_c36434 _d36434 |
||
| 001 | 2349 | ||
| 003 | GE_BSU | ||
| 005 | 20221025102502.0 | ||
| 008 | 181216s2008ru xx |||||||||||||| ||rus|| | ||
| 040 | _cGE_BSU | ||
| 041 | _arus | ||
| 080 | _a94(479.22) К-27 | ||
| 245 |
_aКартлис цховреба: _bИстория Грузии / _cГл. ред. Роин Метревели |
||
| 264 |
_aТбилиси : _bАртануджи, _c2008. |
||
| 300 |
_a454 с.: _b28 см. |
||
| 653 | _aИстория | ||
| 653 | _aКартлис цховреба. История Грузии | ||
| 653 | _aისტორია | ||
| 700 |
_aМетревели, Роин _eმთავარი რედაქტორი _915508 |
||
| 942 |
_cBK _2udc |
||